Minimalist Muppets Quiz Stats

 Plays Quiz Updated Apr 13, 2012

Challenge
Share
Tweet
Score 0/20 Timer 04:00
0 Plays Today
% Correct
Kermit the Frog
94.9%
Miss Piggy
73.4%
Gonzo the Great
71.3%
Beaker
62.8%
Fozzie Bear
48.4%
Rowlf the Dog
46.6%
Sam the Eagle
43.2%
Rizzo the Rat
42.6%
Dr. Bunsen Honeydew
41.8%
Swedish Chef
40.7%
% Correct
Scooter
37.1%
Waldorf
33.3%
Animal
32.6%
Statler
30.9%
Dr. Teeth
30.8%
Janice
27.2%
Camilla the Chicken
22.9%
Sweetums
21.5%
Sgt. Floyd Pepper
18.3%
Zoot
18.2%

You're not logged in!

Compare scores with friends on all Sporcle quizzes.
OR
Log In

You Might Also Like...

Show Comments

Extras

Top Quizzes Today


Score Distribution

Your Account Isn't Verified!

In order to create a playlist on Sporcle, you need to verify the email address you used during registration. Go to your Sporcle Settings to finish the process.

Report this User

Report this user for behavior that violates our Community Guidelines.

Details: